[Event "Konnerud Høst 2017"]
[Site "Konnerud bydelshus"]
[Date "2017.11.22"]
[Round "8"]
[White "Omland, Harald"]
[Black "Taksrud, Vidar"]
[Result "0-1"]
[WhiteElo "1644"]
[BlackElo "1983"]
[PlyCount "54"]
[EventDate "2017.??.??"]

1. e4 c6 2. d4 d5 3. Nc3 dxe4 4. Nxe4 Nf6 5. Bd3 Nxe4 6. Bxe4 Nd7 7. Bg5 Nf6 8.
Bf3 Bf5 9. Ne2 e6 10. Ng3 Bg6 11. Be4 Bxe4 12. Nxe4 Be7 13. Nxf6+ Bxf6 14. Bxf6
Qxf6 15. O-O O-O-O 16. c3 Rd5 17. a4 h5 18. Qe2 e5 19. dxe5 Rxe5 20. Qc4 Rhe8
21. b4 Kb8 22. b5 cxb5 23. axb5 Rc8 24. Qd4 Rec5 25. Qe3 Qxc3 26. Qf4+ Qe5 27.
Qxf7 Qxa1
0-1

[Event "Konnerud Høst 2017"]
[Site "Konnerud bydelshus"]
[Date "2017.11.26"]
[Round "8"]
[White "Aure, Anders Nilsson"]
[Black "Selmer, Thorgrim J"]
[Result "1-0"]
[WhiteElo "1803"]
[BlackElo "1647"]
[PlyCount "53"]
[EventDate "2017.??.??"]

1. c4 e5 2. Nc3 Bc5 3. g3 c6 4. Nf3 d6 5. Bg2 Nf6 6. d3 Be6 7. O-O O-O 8. Rb1
Re8 9. Bg5 Nbd7 10. Ne4 h6 11. Bxf6 gxf6 12. b4 f5 13. Nxc5 dxc5 14. bxc5 Nxc5
15. Nxe5 Qc7 16. Nf3 Rad8 17. Qc1 Kg7 18. Qb2+ f6 19. Rfc1 f4 20. d4 Ne4 21.
Qxb7 Rd7 22. Qxc7 Rxc7 23. d5 cxd5 24. cxd5 Rxc1+ 25. Rxc1 Bxd5 26. Rc7+ Kg6
27. Nh4+
1-0

[Event "Konnerud Høst 2017"]
[Site "Konnerud bydelshus"]
[Date "2017.11.22"]
[Round "8"]
[White "Sørjordet, Anders"]
[Black "Flemsæter, Egil"]
[Result "1/2-1/2"]
[WhiteElo "1738"]
[BlackElo "1389"]
[PlyCount "99"]
[EventDate "2017.??.??"]

1. d4 c6 2. Nf3 d5 3. g3 Nf6 4. Bg2 Bf5 5. O-O e6 6. c4 dxc4 7. Ne5 Be7 8. a4
a5 9. Nxc4 O-O 10. Nc3 Na6 11. e4 Bg6 12. Bf4 Re8 13. d5 exd5 14. exd5 cxd5 15.
Nxd5 Nxd5 16. Qxd5 Qxd5 17. Bxd5 Rac8 18. Ne5 Nc5 19. Nxg6 hxg6 20. Be5 b6 21.
Rfd1 Bf6 22. Bxf6 gxf6 23. Bc4 Kg7 24. b3 Rcd8 25. Bb5 Rxd1+ 26. Rxd1 Re7 27.
Rd6 Re6 28. Rxe6 fxe6 29. Bc4 e5 30. f3 f5 31. h4 Kf6 32. Kf2 g5 33. hxg5+ Kxg5
34. Ke3 e4 35. Bd5 exf3 36. Kxf3 Nd7 37. Ke3 Nf6 38. Bf3 Ng4+ 39. Bxg4 Kxg4 40.
Kf2 f4 41. gxf4 Kxf4 42. Ke2 Ke4 43. Kd2 Kd5 44. Kc3 Kc5 45. Kc2 b5 46. axb5
Kxb5 47. Kc3 Kc5 48. Kc2 Kb4 49. Kb2 a4 50. bxa4
1/2-1/2

[Event "Konnerud Høst 2017"]
[Site "Konnerud bydelshus"]
[Date "2017.11.29"]
[Round "8"]
[White "Hellenes, Andrè Tsolis"]
[Black "Høisveen, Tore"]
[Result "0-1"]
[WhiteElo "1714"]
[BlackElo "1544"]
[PlyCount "99"]
[EventDate "2017.??.??"]

1. d4 d5 2. c4 c6 3. Nc3 e6 4. Nf3 Nf6 5. Bg5 Be7 6. e3 h6 7. Bh4 O-O 8. Bd3
Nh7 9. Bg3 Ng5 10. O-O Nxf3+ 11. Qxf3 f5 12. cxd5 cxd5 13. Nb5 Na6 14. Rac1 Bd7
15. Nc7 Nxc7 16. Bxc7 Qe8 17. Be5 Bf6 18. Bd6 Be7 19. Qg3 Bc6 20. b4 a6 21. Rc2
Rc8 22. Rfc1 Qd7 23. Bxe7 Qxe7 24. b5 axb5 25. Bxb5 Qd7 26. Qe5 Bxb5 27. Rc7
Rxc7 28. Rxc7 Ra8 29. Rxd7 Bxd7 30. h4 Kf7 31. Qc7 Ke7 32. a3 b5 33. Kh2 g5 34.
Qc5+ Ke8 35. h5 Rc8 36. Qd6 Rc3 37. Qb8+ Rc8 38. Qe5 Kf7 39. Kg3 Ra8 40. Qd6
Ke8 41. Kf3 Rc8 42. Qe5 Kf7 43. g4 fxg4+ 44. Kxg4 Ra8 45. f4 gxf4 46. Qxf4+ Ke7
47. Kf3 Rf8 48. Qxf8+ Kxf8 49. Kf4 Be8 50. Ke5
0-1

[Event "Konnerud Høst 2017"]
[Site "Konnerud bydelshus"]
[Date "2017.11.22"]
[Round "8"]
[White "Stenseng, Benjamin"]
[Black "Zogla, Kristian"]
[Result "0-1"]
[WhiteElo "1171"]
[BlackElo "1700"]
[PlyCount "144"]
[EventDate "2017.??.??"]

1. d4 Nf6 2. c4 c6 3. Nf3 d5 4. Nc3 Bg4 5. Bf4 e6 6. h3 Bh5 7. e3 Be7 8. Bd3
O-O 9. a3 dxc4 10. Bxc4 Nbd7 11. e4 Nb6 12. Be2 c5 13. dxc5 Bxc5 14. b4 Bxf3
15. Bxf3 Bd4 16. Qb3 Rc8 17. Rc1 e5 18. Bg5 h6 19. Bxf6 gxf6 20. O-O Qd7 21.
Bg4 Qd6 22. Bxc8 Rxc8 23. Nb5 Qd7 24. Rxc8+ Nxc8 25. Rc1 Bxf2+ 26. Kf1 Bb6 27.
a4 a6 28. Rd1 Qc6 29. Nc3 Ne7 30. Nd5 Nxd5 31. Rxd5 Qc1+ 32. Qd1 Qe3 33. Qf3
Qc1+ 34. Rd1 Qc4+ 35. Rd3 Qxb4 36. Rb3 Qd4 37. Ke2 Kf8 38. Qxf6 Qc4+ 39. Rd3
Qxe4+ 40. Kd2 Qxg2+ 41. Kc3 Bd4+ 42. Kb3 Qb2+ 43. Kc4 Qa2+ 44. Kb4 a5+ 45. Kxa5
b6+ 46. Kb5 Qb1+ 47. Kc4 Qc2+ 48. Kd5 Qxd3 49. Qxh6+ Kg8 50. Qg5+ Qg6 51. Qd8+
Kg7 52. Qe7 Qe6+ 53. Qxe6 fxe6+ 54. Ke4 Kh6 55. Kf3 Kh5 56. Ke4 Kh4 57. Kf3
Kxh3 58. Ke4 Kg4 59. Kd3 Kf3 60. a5 bxa5 61. Kd2 e4 62. Ke1 a4 63. Kd2 a3 64.
Kc2 e3 65. Kd3 Bb2 66. Kc4 a2 67. Kd3 a1=Q 68. Kc4 e2 69. Kb3 e1=Q 70. Kc4
Qac1+ 71. Kb3 Qcc3+ 72. Ka4 Qb4#
0-1

[Event "Konnerud Høst 2017"]
[Site "Konnerud bydelshus"]
[Date "2017.11.29"]
[Round "8"]
[White "Andersson, Øivind"]
[Black "Nielsen, Christoffer Grimsrud"]
[Result "0-1"]
[WhiteElo "1546"]
[BlackElo "1503"]
[PlyCount "98"]
[EventDate "2017.??.??"]

1. e4 e6 2. f4 d5 3. e5 c5 4. Nf3 f6 5. c3 a6 6. d4 Nc6 7. Be2 Qb6 8. b3 cxd4
9. Nxd4 Nxd4 10. Qxd4 Bc5 11. Qd3 f5 12. Nd2 Bf2+ 13. Kd1 Bd7 14. Rf1 Be3 15.
Nf3 Bc5 16. Nd4 Rc8 17. Be3 Qc7 18. Rc1 Ne7 19. Rf3 Nc6 20. Qd2 Qb6 21. b4 Nxd4
22. bxc5 Nxf3 23. Bxf3 Qd8 24. Rb1 Bb5 25. Bh5+ g6 26. Be2 Bxe2+ 27. Kxe2 Qd7
28. Qb2 Rc7 29. Qb6 O-O 30. Qd6 Rd8 31. Rb6 Rc6 32. Qxd7 Rxd7 33. a4 Rxb6 34.
cxb6 Kg7 35. a5 Kh6 36. g3 Kh5 37. h3 Rd8 38. Bc5 Rc8 39. Bb4 Rc4 40. Kd3 h6
41. Ke3 g5 42. Kf3 d4 43. g4+ Kh4 44. gxf5 exf5 45. e6 dxc3 46. e7 Re4 47. Ba3
c2 48. fxg5 hxg5 49. Bc1 Rxe7
0-1

[Event "Konnerud Høst 2017"]
[Site "Konnerud bydelshus"]
[Date "2017.11.29"]
[Round "8"]
[White "Marthinussen, Emma Viktoria L"]
[Black "Minde, Thomas"]
[Result "0-1"]
[WhiteElo "1415"]
[BlackElo "1530"]
[PlyCount "52"]
[EventDate "2017.??.??"]

1. e4 e6 2. Nc3 d5 3. exd5 exd5 4. d4 Nf6 5. Nf3 Bd6 6. Bd3 O-O 7. O-O Bg4 8.
Bg5 c6 9. a3 Nbd7 10. b4 Qc7 11. Nb1 Bxh2+ 12. Kh1 Bd6 13. g3 Ne4 14. Be3 Bxg3
15. fxg3 Nxg3+ 16. Kg2 Nxf1 17. Qxf1 Nf6 18. Nbd2 Qc8 19. Qh1 Bxf3+ 20. Nxf3
Qg4+ 21. Kf2 Ne4+ 22. Ke1 Rfe8 23. Ne5 Qg3+ 24. Kd1 Qxe3 25. Bxe4 Qxd4+ 26. Bd3
Qxa1+
0-1

[Event "Konnerud Høst 2017"]
[Site "Konnerud bydelshus"]
[Date "2017.12.12"]
[Round "8"]
[White "Auke, Morthen"]
[Black "Odde, Kent"]
[Result "0-1"]
[WhiteElo "1294"]
[BlackElo "1503"]
[PlyCount "38"]
[EventDate "2017.??.??"]

1. d4 d5 2. c4 e6 3. Bf4 Nf6 4. Nc3 Nbd7 5. h3 a6 6. e3 dxc4 7. Bxc4 b5 8. Bd3
Bb7 9. Nf3 c5 10. O-O c4 11. Bc2 Be7 12. b3 Nb6 13. Ne5 Rc8 14. a4 cxb3 15.
Bxb3 Rxc3 16. axb5 axb5 17. Ra5 O-O 18. Re1 b4 19. Qa1 Rxb3 
0-1